Haditengerészeti taktika a második világháború Csendes-óceáni hadszínterén 2. rész /

Elmentve itt :
Bibliográfiai részletek
Szerző: Simon Endre Tamás
Dokumentumtípus: Cikk
Megjelent: Belvedere Meridionale Szeged 2002
Sorozat:Belvedere Meridionale 14 No. 5-6
Kulcsszavak:Haditengerészet - világháború - 2. - Csendes-óceán - 1941-1945
Tárgyszavak:
Online Access:http://acta.bibl.u-szeged.hu/4883
LEADER 00817nab a2200193 i 4500
001 acta4883
005 20250731125937.0
008 161015s2002 hu o 000 hun d
040 |a SZTE Egyetemi Kiadványok Repozitórium  |b hun 
041 |a hun 
100 1 |a Simon Endre Tamás 
245 1 0 |a Haditengerészeti taktika a második világháború Csendes-óceáni hadszínterén   |h [elektronikus dokumentum] :  |b 2. rész /  |c  Simon Endre Tamás 
260 |a Belvedere Meridionale  |b Szeged  |c 2002 
300 |a 48-65 
490 0 |a Belvedere Meridionale  |v 14 No. 5-6 
650 4 |a Bölcsészettudományok 
650 4 |a Történettudomány és régészet 
695 |a Haditengerészet - világháború - 2. - Csendes-óceán - 1941-1945 
856 4 0 |u http://acta.bibl.u-szeged.hu/4883/1/belvedere_2002_005_006_048-065.pdf  |z Dokumentum-elérés